[Event "PRZ vs gizmokaka"]
[Site "http://www.queenalice.com/game.php?id=1868367"]
[Date "2026.1.23"]
[Round "-"]
[White "PRZ"]
[Black "gizmokaka"]
[Result "0-1"]
[WhiteElo "1503"]
[BlackElo "2835"]

1. c4 e5 2. b4 Bxb4 3. e4 Nf6 4. a3 Ba5 5. Nf3 Nxe4 6. g3 Nc5 7. Nxe5 Qe7 8. f4
d6 9. Qe2 dxe5 10. fxe5 Nc6 11. Bb2 Bf5 12. Kd1 Qg5 13. Qf2 O-O-O 14. h4 Qg4+
15. Be2 Qe4 16. Bc3 Qc2+ 17. Ke1 Qc1+ 18. Bd1 Nd3+ 19. Ke2 Nxf2 20. Kxf2 Bxc3
21. Nxc3 Rxd2+ 22. Ke1 Qxc3 23. Rf1 Rc2# 0-1

[Event "AUTO-OPEN-4636"]
[Site "http://www.queenalice.com/game.php?id=1868544"]
[Date "2026.1.27"]
[Round "1"]
[White "gizmokaka"]
[Black "chessman"]
[Result "1-0"]
[WhiteElo "2846"]
[BlackElo "2007"]

1. d4 d5 2. c4 e6 3. a3 c6 4. e3 Nf6 5. Nf3 Be7 6. Nc3 O-O 7. Bd3 Re8 8. O-O
Nbd7 9. Qc2 h6 10. b3 a6 11. Bb2 Nf8 12. c5 b6 13. Ne5 Bb7 14. Na4 bxc5 15. Nxc5
Rb8 16. Nxb7 Rxb7 17. Nxc6 Qa8 18. Nxe7+ Rbxe7 19. Rfc1 N8d7 20. Qe2 e5 21. Bxa6
exd4 22. Bxd4 Ne4 23. Bb5 Qb7 24. a4 Rc8 25. Qg4 Rxc1+ 26. Rxc1 Ndf6 27. Rc8+
Kh7 28. Bxf6 Nxf6 29. Qf5+ g6 30. Qxf6 1-0

[Event "AUTO-OPEN-4636"]
[Site "http://www.queenalice.com/game.php?id=1868545"]
[Date "2026.1.27"]
[Round "1"]
[White "chessman"]
[Black "gizmokaka"]
[Result "0-1"]
[WhiteElo "2028"]
[BlackElo "2839"]

1. e4 e5 2. Nf3 Nc6 3. Bc4 Bc5 4. O-O Nf6 5. Re1 O-O 6. b4 Bxb4 7. c3 Ba5 8. Re2
d6 9. d4 Bg4 10. Re3 d5 11. exd5 Nxd5 12. Re2 Bxf3 13. gxf3 Bxc3 14. Bxd5 Bxa1
15. Bxc6 bxc6 16. Be3 Bxd4 0-1

[Event "AUTO-OPEN-4636"]
[Site "http://www.queenalice.com/game.php?id=1868547"]
[Date "2026.1.27"]
[Round "1"]
[White "Jsc"]
[Black "gizmokaka"]
[Result "0-1"]
[WhiteElo "1661"]
[BlackElo "2840"]

1. e4 d5 2. exd5 Qxd5 3. Nc3 Qa5 4. Bc4 Nf6 5. d3 a6 6. Bd2 Qc5 7. h3 e6 8. Nf3
b5 9. Bb3 Bb7 10. O-O Bd6 11. Qe2 Nbd7 12. Ng5 Qe5 13. Qxe5 Bxe5 14. Nge4 Nxe4
15. dxe4 c5 16. a3 c4 17. Ba2 O-O-O 18. f3 Nc5 19. Be3 Bxc3 20. bxc3 Na4 21. Bd4
f6 22. f4 Bxe4 23. Rfe1 Bd5 24. Rab1 Kb7 25. g4 Kc6 26. Kf2 h5 27. g5 Rhf8 28.
Rg1 e5 0-1

[Event "AUTO-OPEN-4526"]
[Site "http://www.queenalice.com/game.php?id=1868826"]
[Date "2026.2.2"]
[Round "3"]
[White "josebaron"]
[Black "gizmokaka"]
[Result "0-1"]
[WhiteElo "2175"]
[BlackElo "2844"]

1. e4 e5 2. Nf3 Nc6 3. Nc3 Nf6 4. Be2 d5 5. exd5 Nxd5 6. Nxd5 Qxd5 7. d3 Bf5 8.
O-O O-O-O 9. Be3 f6 10. Nd2 h5 11. Bxh5 Bd7 12. Bg4 f5 13. Bf3 Qd6 14. Bxc6 Bxc6
15. Bxa7 Qh6 16. h3 Bxg2 0-1

[Event "AUTO-OPEN-4526"]
[Site "http://www.queenalice.com/game.php?id=1868827"]
[Date "2026.2.2"]
[Round "3"]
[White "gizmokaka"]
[Black "josebaron"]
[Result "1-0"]
[WhiteElo "2845"]
[BlackElo "2174"]

1. d4 d5 2. Bf4 Nf6 3. Nf3 e6 4. e3 Bd6 5. Bg3 Ne4 6. Nbd2 Bxg3 7. hxg3 Nxd2 8.
Qxd2 Nc6 9. c4 dxc4 10. Bxc4 Qf6 11. Rc1 Bd7 12. Be2 a6 13. Rc5 g6 14. g4 O-O-O
15. Qc3 Kb8 16. O-O h5 17. g5 1-0

[Event "TammieM3ENF vs gizmokaka"]
[Site "http://www.queenalice.com/game.php?id=1868974"]
[Date "2026.2.6"]
[Round "-"]
[White "TammieM3ENF"]
[Black "gizmokaka"]
[Result "0-1"]
[WhiteElo "1364"]
[BlackElo "2847"]

1. d4 d5 2. e3 Nf6 3. c3 Bf5 4. f3 e6 5. b4 Bd6 6. e4 dxe4 7. g4 Bg6 8. fxe4
Nxe4 9. c4 Qh4+ 10. Ke2 Qf2+ 11. Kd3 Nc6 12. d5 Nd2+ 13. Kc3 Qd4# 0-1

[Event "AUTO-ELITE-2596"]
[Site "http://www.queenalice.com/game.php?id=1870002"]
[Date "2026.2.28"]
[Round "2"]
[White "gizmokaka"]
[Black "trompmaster"]
[Result "1-0"]
[WhiteElo "2858"]
[BlackElo "2514"]

1. d4 Nf6 2. c4 e6 3. Nf3 d5 4. Nc3 c6 5. Bg5 h6 6. Bxf6 Qxf6 7. e3 Qd8 8. Rc1
Be7 9. a3 O-O 10. Bd3 dxc4 11. Bxc4 Nd7 12. Ba2 b6 13. O-O Bb7 14. Qe2 a5 15.
Rfd1 Bd6 16. e4 Bf4 17. Rc2 Bd6 18. e5 Be7 19. h4 Bxh4 20. Nxh4 Qxh4 21. Ne4 Ba6
22. Qe3 c5 23. Nd6 cxd4 24. Rxd4 Qh5 25. f4 Nc5 26. g4 Qg6 27. Rg2 Rfd8 28. f5
Qg5 29. Qxg5 hxg5 30. b4 Nd3 31. fxe6 Kf8 32. Rh2 g6 33. exf7 Nxe5 34. Rh8+ Ke7
35. Nf5+ gxf5 36. Rdxd8 Rxd8 37. Rxd8 Nxf7 38. Ra8 Bb7 39. Ra7 Nd6 40. bxa5 bxa5
41. Bd5 1-0

[Event "AUTO-ELITE-2552"]
[Site "http://www.queenalice.com/game.php?id=1870231"]
[Date "2026.3.7"]
[Round "5"]
[White "Sexxy_Bunny"]
[Black "gizmokaka"]
[Result "1/2-1/2"]
[WhiteElo "2672"]
[BlackElo "2861"]

1. e4 c6 2. d4 d5 3. e5 c5 4. dxc5 e6 5. a3 Bxc5 6. Nf3 Ne7 7. Bd3 Ng6 8. O-O
Qc7 9. Re1 O-O 10. Nc3 Bd7 11. Be3 Be7 12. Bg5 Bxg5 13. Nxg5 Nc6 14. Bxg6 fxg6
15. Nxd5 exd5 16. Qxd5+ Kh8 17. Nf7+ Rxf7 18. Qxf7 Nxe5 19. Qf4 Re8 20. a4 h5
21. Re3 Qc5 22. h3 g5 23. Qh2 Nc6 24. Rxe8+ Bxe8 25. c3 Qe7 26. Qg3 Na5 27. b4
Nb3 28. Rd1 Qe2 29. Qd6 Kh7 30. a5 Bg6 31. Rd5 Bf7 32. Rd1 Bg6 33. Rd5 Bf7 34.
Rd1 Bc4 35. Qd7 Qc2 36. Re1 Qxc3 37. Qf5+ Kh6 38. Re8 Qc1+ 39. Kh2 Qf4+ 40. Qxf4
gxf4 41. Rb8 a6 42. Rxb7 Nd4 43. Rd7 Nf5 44. Rb7 Nd4 45. Rd7 Nf5 46. Rb7 Nd4
1/2-1/2

[Event "AUTO-ELITE-2552"]
[Site "http://www.queenalice.com/game.php?id=1870232"]
[Date "2026.3.7"]
[Round "5"]
[White "gizmokaka"]
[Black "Sexxy_Bunny"]
[Result "1/2-1/2"]
[WhiteElo "2862"]
[BlackElo "2670"]

1. d4 Nf6 2. c4 e6 3. g3 d5 4. Nf3 Be7 5. Bg2 O-O 6. O-O dxc4 7. Qc2 a6 8. a4
Bd7 9. Bf4 Bc6 10. Qxc4 Bd6 11. Qc1 a5 12. Nc3 Na6 13. Bd2 Nb4 14. Qb1 Bxf3 15.
Bxf3 c6 16. Ne4 Nxe4 17. Qxe4 Qe7 18. Rad1 Rad8 19. h4 Bc7 20. Kg2 f5 21. Bxb4
axb4 22. Qc2 g6 23. e3 Kg7 24. Qb3 h5 25. Rc1 Bd6 26. Rfe1 e5 27. dxe5 Qxe5 28.
Red1 Be7 29. Ra1 Qc5 30. Rdc1 Qa5 31. Rd1 Qc5 32. Rac1 Qe5 33. Kf1 Rfe8 34. Kg1
Rf8 35. Kg2 1/2-1/2

[Event "AUTO-OPEN-4569"]
[Site "http://www.queenalice.com/game.php?id=1870409"]
[Date "2026.3.12"]
[Round "3"]
[White "gizmokaka"]
[Black "josebaron"]
[Result "1-0"]
[WhiteElo "2861"]
[BlackElo "2204"]

1. Nf3 d5 2. b4 Nf6 3. Bb2 e6 4. b5 Bc5 5. e3 O-O 6. c4 dxc4 7. a4 a6 8. Bxc4
axb5 9. axb5 Rxa1 10. Bxa1 c6 11. O-O cxb5 12. Bxb5 Nc6 13. Bxf6 Qxf6 14. d4 Rd8
15. Bxc6 bxc6 16. Nc3 Ba6 17. Ne4 Qf5 18. Nxc5 Bxf1 19. Qxf1 h6 20. h3 1-0

[Event "AUTO-OPEN-4569"]
[Site "http://www.queenalice.com/game.php?id=1870410"]
[Date "2026.3.12"]
[Round "3"]
[White "josebaron"]
[Black "gizmokaka"]
[Result "0-1"]
[WhiteElo "2205"]
[BlackElo "2860"]

1. e4 e5 2. Nf3 Nc6 3. Bb5 Nf6 4. Bxc6 dxc6 5. d3 Bc5 6. O-O Bg4 7. h3 Bh5 8.
Bg5 h6 9. Bxf6 Qxf6 10. Nbd2 a5 11. a4 Qe7 12. g4 Bg6 13. Kg2 h5 14. g5 h4 15.
Nc4 f6 16. gxf6 gxf6 17. Nh2 f5 18. exf5 Bxf5 19. Ng4 e4 20. d4 O-O-O 0-1

[Event "Castling vs gizmokaka"]
[Site "http://www.queenalice.com/game.php?id=1871033"]
[Date "2026.3.26"]
[Round "-"]
[White "Castling"]
[Black "gizmokaka"]
[Result "0-1"]
[WhiteElo "1732"]
[BlackElo "2860"]

1. e4 e5 2. Bc4 Nf6 3. d3 c6 4. h3 d5 5. Bb3 a5 6. a3 dxe4 7. Bxf7+ Kxf7 8. Bg5
exd3 9. Bxf6 gxf6 10. Qxd3 Qxd3 11. cxd3 Na6 12. Nf3 Nc5 13. O-O Rg8 14. g4 h5
15. Nh2 hxg4 16. hxg4 Bxg4 17. Nxg4 Rxg4+ 18. Kh2 Bd6 19. Kh3 f5 20. Nd2 Rh8#
0-1

[Event "gizmokaka vs Castling"]
[Site "http://www.queenalice.com/game.php?id=1871034"]
[Date "2026.3.26"]
[Round "-"]
[White "gizmokaka"]
[Black "Castling"]
[Result "1-0"]
[WhiteElo "2859"]
[BlackElo "1737"]

1. Nf3 Nc6 2. d4 d5 3. c4 Bg4 4. Bg5 h6 5. Bh4 g5 6. Bg3 Bg7 7. e3 Nxd4 8. exd4
Bxf3 9. Qxf3 Bxd4 10. Nc3 Bxc3+ 11. Qxc3 d4 12. Qf3 Nf6 13. Bd3 O-O 14. Be5 g4
15. Qf4 h5 16. Qg5+ Kh8 17. Bxf6+ exf6 18. Qh6+ 1-0

[Event "SGF vs gizmokaka"]
[Site "http://www.queenalice.com/game.php?id=1871035"]
[Date "2026.3.26"]
[Round "-"]
[White "SGF"]
[Black "gizmokaka"]
[Result "0-1"]
[WhiteElo "1699"]
[BlackElo "2851"]

1. e4 Nf6 2. f3 e5 3. d3 d5 4. Bg5 h6 5. Bxf6 Qxf6 6. exd5 Qb6 7. b3 Bc5 8. Nh3
Bxh3 9. gxh3 Bf2+ 10. Kd2 Qe3+ 11. Kc3 Qd4+ 12. Kd2 Qf4+ 13. Ke2 Qe3# 0-1

[Event "gizmokaka vs SGF"]
[Site "http://www.queenalice.com/game.php?id=1871036"]
[Date "2026.3.26"]
[Round "-"]
[White "gizmokaka"]
[Black "SGF"]
[Result "1-0"]
[WhiteElo "2850"]
[BlackElo "1701"]

1. d4 d5 2. c4 dxc4 3. e4 b5 4. a4 Bd7 5. axb5 Bxb5 6. Na3 Qd7 7. Nf3 f6 8. Nxb5
Qxb5 9. Nd2 Nc6 10. Bxc4 Qb4 11. Qh5+ g6 12. Qd5 Qb6 13. Qf7+ Kd7 14. Be6+ Kd6
15. Nc4# 1-0